Normal view
MARC view
- الفقه الاسلامي-المذاهب
Entry Topical Term
001 - CONTROL NUMBER
- control field: 60373
003 - CONTROL NUMBER IDENTIFIER
- control field: JO-AjAnu
005 - DATE AND TIME OF LATEST TRANSACTION
- control field: 20230606083853.0
008 - FIXED-LENGTH DATA ELEMENTS
- fixed length control field: 230606|| aca||aabn | a|a d
040 ## - CATALOGING SOURCE
- Original cataloging agency: JO-AjAnu
- Transcribing agency: JO-AjAnu
150 ## - HEADING--TOPICAL TERM
- Topical term or geographic name entry element: الفقه الاسلامي-المذاهب
670 ## - SOURCE DATA FOUND
- Source citation: Work cat.: (JO-AjAnu)30787: ابو زهرة، محمد, author 60372, تاريخ المذاهب الاسلامية في السياسة والعقائد وتاريخ المذاهب الفقهية